000 00659nam a2200181Ia 4500
003 GCL
008 140319s9999 xx 000 0 ara d
040 _aGCL /
_cGCL
082 0 4 _a811.5
_bع ن
100 1 _aعبدالنعيم محمد حسنين
245 1 0 _aنظامى الكنجوى: شاعر الفضيلة عصره وبيئته وشعره /
_cعبدالنعيم محمد حسنين
300 _a527 ص
490 _aالهيئة العامة للاستعلامات
_v0
650 0 4 _aالدولة العباسية الثانية
650 0 4 _aالشعر العربى - تاريخ ونقد
650 0 4 _aنظامى الكنجوى
942 _2ddc
_cBK
999 _c50615
_d50615